Mundo de siete pozos : poemas /

Guardado en:
Autor Principal: Storni, Alfonsina
Formato: Libro
Publicado: Buenos Aires : Tor, 1935
Materias:
Etiquetas: Agregar Etiqueta
Sin Etiquetas, Sea el primero en etiquetar este registro!
LEADER 00536nam a22001815a 4500
001 EHU.bham024508
003 AR-BHAM
005 20130507151142.0
008 130507s1935##################000#0#####d
082 A 8 |a 861.4 
100 1 |a Storni, Alfonsina 
245 1 0 |a Mundo de siete pozos :  |b poemas /  |c Alfonsina Storni 
260 |a Buenos Aires :  |b Tor,  |c 1935 
300 |a 156 p. 
653 |a Donacion lejarraga 
653 |a Poesia argentina-1911- 
653 |a Poesia argentina 
859 |a AR-BHAM  |b BIB. HUMANIDADES - General  |h A861.4  |i ST74-1  |k A  |p 271.02  |t Ej.1